24 Frames (Record no. 103304)

MARC details
000 -LEADER
fixed length control field 00366nam a2200145Ia 4500
008 - FIXED-LENGTH DATA ELEMENTS--GENERAL INFORMATION
fixed length control field 211118s9999||||xx |||||||||||||| ||und||
082 ## - DEWEY DECIMAL CLASSIFICATION NUMBER
Classification number 791.436
Item number GEO-T
100 ## - MAIN ENTRY--PERSONAL NAME
Personal name George, K G
245 #0 - TITLE STATEMENT
Title 24 Frames
260 ## - PUBLICATION, DISTRIBUTION, ETC.
Name of publisher, distributor, etc. Jubilee Cine Unit
Place of publication, distribution, etc. Madras
Date of publication, distribution, etc. 1996
300 ## - PHYSICAL DESCRIPTION
Extent 54p.
630 ## - SUBJECT ADDED ENTRY--UNIFORM TITLE
General subdivision CinemaReference Reading Room
650 ## - SUBJECT ADDED ENTRY--TOPICAL TERM
Topical term or geographic name entry element Arts
942 ## - ADDED ENTRY ELEMENTS (KOHA)
Koha item type BOOK
650 ## - SUBJECT ADDED ENTRY--TOPICAL TERM
Form subdivision FilmGeneralia
Holdings
Withdrawn status Lost status Damaged status Not for loan Home library Current library Date acquired Cost, normal purchase price Total Checkouts Full call number Barcode Shelving location Date last seen Price effective from Koha item type
        SB LIBRARY SB LIBRARY 18/11/2021 10.00   791.436 GEO-T 00109501 REFERENCE READING ROOM 18/11/2021 18/11/2021 BOOK

Powered by Koha